000 00642nai a22001937a 4500
003 OSt
005 20170316111526.0
008 170209b xxu||||| |||| 00| 0 eng d
040 _aBMC
_cBMC
082 _a909
245 0 3 _aLa aventura de la historia
_b: julio
_cJavier Villalba, editor
260 _aMadrid
_bGrupo Unidad
_c2001
300 _a114 p.
_c28 cm
_e+ 1 h. pleg.
490 _aLa aventura de la historia
_v33, año 3
505 _aContiene: Felipe III.- La guerra hispano inglesa en 1801.- La batalla de Algeciras.- Ana Bolena.-
650 2 4 _91258
_aHistoria universal
700 1 _920715
_aVillalba, Javier‏
942 _2ddc
_cPR
999 _c27139
_d27139